Регионална библиотека "Любен Каравелов" - Русе

Реторика и ораторско изкуство (Запис номер 35028)

MARC детайли
000 -Лидер
Контролно поле с фиксирана дължина 01350nam a2200313 c 4500
003 - Код на организацията, давaща контролен номер
Контролно поле BLK
005 - Дата и час на последна редакция
Контролно поле 20180422100338.0
008 - Елементи от данни с фиксирана дължина
fixed length control field 180408b bul|||||r ||||||| ||bul||
010 ## - Наследен системен номер
LC control number KNG00037740000
020 ## - Международен стандартен номер на книга ISBN
Международен стандартен номер на книга ISBN 954-07-1461-3
-- издат.: Унив. изд. Св. Климент Охридски
040 ## - Източник на каталожния запис
Идентификатор на билиотеката - собственик на записа BLK
041 ## - Код за език
Код за езика на текст/звукозапис или на отделно заглавие Български
Код за езика КДБФ Български
080 ## - УДК
Текстов определител УДК Ораторско изкуство. Красноречие. Дебати. Публични дискусии. Психология на слушателя
УДК код - определител по УДК 808.51
УДК определител (075.8)
УДК - код + определител 808.51(075.8)
100 1# - Редна дума - Автор
Автор Ведър, Йордан Иванов
Авторска отговорност първи автор
R(LIN) 367198
139 ## - Редно поле
Редна дума Ведър, Йордан Иванов
Авторски знак Вед - В 35
245 10 - Сведения за заглавието
Заглавие Реторика и ораторско изкуство
Подзаглавни данни Записки по теория и практика на публичната реч
Редно поле (дума) Йордан Иванов Ведър.
257 ## - Страна на издаване
Страна на създаване/издаване България
260 ## - Област на издателските данни
-- София
Име на издателя, разпространителя и проч. Унив. изд. Св. Климент Охридски
Година на издаване 2000
300 ## - Физическа характеристика
Страници 237 с.
Илюстрации и др. с табл.
Размери/Мащаб 24 см
380 ## - Жанр
Жанр Литературознание
650 #4 - Допълнително описание по предмет – тема
Основно описание – тема или топоним Реторика - учебници за ВУЗ
9 (RLIN) 259370
653 ## - Ключова дума – ненормативна
Ключова дума реторика
653 ## - Ключова дума – ненормативна
Ключова дума изкуство
852 ## - Местоположение
Форматна сигнатура Цб 205189
856 4# - Електронен адрес и достъп
Електронен формат pdf - файл
Път до файла /url/
856 4# - Електронен адрес и достъп
Електронен формат pdf - файл
Път до файла /url/
942 ## - АРТИКУЛИ
Вид на библиотечния материал Книги
Скрит в OPAC Не
944 ## - СЪЗДАВАНЕ И РЕДАКЦИЯ на ЗАПИСА
Създаване/Редакция Създаване
Дата на регистрацията/редакция 15.01.2003
Служител, извършил регистрацията/редакцията AB_DOS
944 ## - СЪЗДАВАНЕ И РЕДАКЦИЯ на ЗАПИСА
Създаване/Редакция Редакция
Дата на регистрацията/редакция 12.01.2017
Служител, извършил регистрацията/редакцията Силвестър_Спасов
999 ## - СИСТЕМНИ КОНТРОЛНИ НОМЕРА
Koha biblionumber 35028
Koha biblioitemnumber 35028
Наличности
Код за отписване Код за изгубен артикул Източник на класификационната схема Код за повреда Коз за рестрикции Код за отдаване Артикулен № Име на библиотеката - собственик Име на библиотеката, в която се намира в момента Статус (Текущо местоположение) Дата на вписване в системата Местоположение - отдел Цена в лева Инвентарен номер Систематично азбучна сигнатура Баркод Номер на екземпляра Цена в евро Служебен тип на артикула
  Не е изгубен Universal Decimal Classification Не е повреден без рестрикции ползва се в читалня 55407 Регионална библиотека "Любен Каравелов" Русе Регионална библиотека "Любен Каравелов" Русе Хранилище 2001-01-01 Хранилище 0.00 656438 Цб 205189 120000656438 1 0.00 Книги
Vip Innovations Ltd, Rousse, Bulgaria 2025